000 00320nam a22001457a 4500
008 221010b ||||| |||| 00| 0 eng d
020 _a0914168010
041 _aeng
080 _2VOLUME 1
_a616.8
082 _a616.8 NETT
100 _a11.2
101 _aNEU
245 _aNERVOUS SYSTEM
_cNETTER F
942 _2udc
_cBK
999 _c58429
_d58429